000 00811nam a2200253Ia 4500
003 OSt
005 20220918172003.0
006 a|||||r|||| 00| 0
007 ta
008 220917b |||||||| |||| 00| 0 eng d
020 _a97883891074 (pbk)
_c3682.80
024 _a279,984
037 _b11441, 18/03/2014, Elite Publishers Distributors
_cTextual
040 _aARTS
_cARTS
_beng
041 _2eng
_aeng
082 _a2:(X:8E), Q1
100 _aLandau Herbert B.
_939707
245 0 _aWinning library grants
_b A game plan
260 _aChicago
_bAmerican Library Association U.S.A
_c2011
300 _avii, 176p.
_ccm.
650 _aLIBRARY SCIENCE
942 _h2:(X:8E), Q1
_cTEXL
_2CC
999 _c142168
_d142168